000 00433nam a2200181Ia 4500
001 9142
005 20260306160701.0
008 260306t1967||||xx |||||||||||||| ||spa||
041 _aESP
082 _a372.87
_bD66
100 _aDi Marco, Carmen E.,
_eAUT
245 0 _aRitmo, música y deficientes auditivos
260 _c1967
300 _a46 páginas :
_c24 cm.
650 _aGEN
654 _aCED
942 _cLIB
_dJUS
_fJUS
_2ddc
_n
999 _c9142
_d9142